[Event "DM 2013"]
[Site "Helsingor"]
[Date "2012.03.29"]
[Round "4"]
[White "Haugaard, Thomas"]
[Black "Jensen, Hans Askov"]
[Result "1/2-1/2"]
[WhiteElo "1627"]
[BlackElo "1569"]
[PlyCount "120"]
[EventDate "2013.??.??"]
[EventRounds "9"]
[EventCountry "DEN"]

1. d4 Nf6 2. c4 c5 3. d5 d6 4. Nc3 g6 5. Qc2 Bg7 6. Nf3 O-O 7. e4 Bg4 8. Nd2
Na6 9. a3 Qa5 10. f3 Bd7 11. Rb1 Nc7 12. Be2 b5 13. cxb5 Nxb5 14. Nxb5 Bxb5 15.
Bxb5 Qxb5 16. Nc4 Nd7 17. O-O Ne5 18. b3 Rab8 19. Bb2 Qxb3 20. Qxb3 Rxb3 21.
Nxe5 dxe5 22. Ba1 Rfb8 23. Rbc1 Rc8 24. Rc4 Rxa3 25. Rb1 f6 26. Bc3 Bh6 27. Kf1
Be3 28. Rb5 a6 29. Rb7 Bd4 30. Bxd4 exd4 31. Rxe7 Rb3 32. d6 Rbb8 33. Ra7 Rc6
34. d7 h6 35. f4 Kf8 36. Ra4 Ke7 37. R4xa6 Rxa6 38. Rxa6 Kxd7 39. Rxf6 Rg8 40.
e5 d3 41. Rd6+ Ke7 42. Rxd3 Rd8 43. Rxd8 Kxd8 44. Ke2 Ke7 45. g4 Ke6 46. Kd3 g5
47. f5+ Kxe5 48. Kc4 Kd6 49. Kd3 Kd5 50. Kc3 Kd6 51. Kc4 Kc6 52. Kd3 Kd5 53.
Kc2 Kd6 54. Kd2 Kd5 55. Kc1 Ke5 56. Kd1 h5 57. h3 hxg4 58. hxg4 Kd5 59. Kc2 Ke5
60. Kd3 Kd5 1/2-1/2

[Event "DM 2013"]
[Site "Helsingor"]
[Date "2013.03.24"]
[Round "3"]
[White "Grau, Peter"]
[Black "Jacobsen, Hans Endrup"]
[Result "0-1"]
[WhiteElo "2074"]
[BlackElo "1930"]
[PlyCount "77"]
[EventDate "2013.??.??"]
[EventRounds "9"]
[EventCountry "DEN"]

1. c4 e5 2. Nc3 Nc6 3. g3 f5 4. d3 Nf6 5. Bg2 Bb4 6. Bd2 O-O 7. Rc1 d6 8. Qc2
Nd4 9. Qb1 c6 10. e3 Ne6 11. Nge2 Qe8 12. O-O Bxc3 13. bxc3 c5 14. f3 Rb8 15.
h3 Bd7 16. g4 fxg4 17. fxg4 Bc6 18. Ng3 Bxg2 19. Kxg2 Qc6+ 20. e4 b5 21. Nf5
Rf7 22. Rf2 h6 23. Rcf1 Kh7 24. Kh2 Rfb7 25. Nxg7 Nxg4+ 26. hxg4 Kxg7 27. Rf6
Nf4 28. Bxf4 Kxf6 29. Bxe5+ Kxe5 30. d4+ cxd4 31. cxd4+ Kxd4 32. Qb2+ Kc5 33.
Qf2+ Kb4 34. cxb5 Qc3 35. b6 Rxb6 36. Qe2 Ka5 37. Rf5+ Rb5 38. Qf2 R8b6 39. Rf7
0-1

[Event "DM 2013"]
[Site "Helsingor"]
[Date "2013.03.25"]
[Round "5"]
[White "Nielsen, Frode Benedikt"]
[Black "Pedersen, Henrik Bolding"]
[Result "1/2-1/2"]
[WhiteElo "2042"]
[BlackElo "2136"]
[PlyCount "26"]
[EventDate "2013.??.??"]
[EventRounds "9"]
[EventCountry "DEN"]

1. c4 c5 2. Nc3 g6 3. Nf3 Bg7 4. g3 Nc6 5. Bg2 d6 6. O-O e5 7. a3 a5 8. Qa4
Nge7 9. Nd5 O-O 10. Nxe7+ Qxe7 11. d3 Bd7 12. Qc2 Rab8 13. Bg5 f6 1/2-1/2

[Event "DM 2013"]
[Site "Helsingor"]
[Date "2013.03.26"]
[Round "1"]
[White "Thybo, Thomas"]
[Black "Jorgensen, Jens A. L."]
[Result "1-0"]
[WhiteElo "1492"]
[BlackElo "1087"]
[PlyCount "81"]
[EventDate "2013.??.??"]
[EventRounds "9"]
[EventCountry "DEN"]

1. e4 e6 2. d4 b6 3. Nc3 Bb7 4. Bf4 a6 5. Nf3 Bb4 6. Bd3 Nf6 7. e5 Nd5 8. Bd2
Nxc3 9. bxc3 Ba3 10. Bg5 Qc8 11. O-O c5 12. Rb1 c4 13. Be2 b5 14. Ne1 Nc6 15.
f4 Be7 16. d5 exd5 17. Qxd5 Bxg5 18. fxg5 O-O 19. Bh5 Nd8 20. Qd6 Ne6 21. Qe7
Qc5+ 22. Qxc5 Nxc5 23. Nf3 Ne4 24. Rbd1 Bc6 25. Nd4 Nxc3 26. Nxc6 dxc6 27. Rd7
Rad8 28. Rfxf7 Rxd7 29. Rxd7 Nxa2 30. e6 g6 31. Bf3 Nb4 32. c3 Nd5 33. Bg4 Ne3
34. Bf3 a5 35. h4 c5 36. Bc6 b4 37. cxb4 cxb4 38. e7 Rf1+ 39. Kh2 Kf7 40. Ra7
Rf2 41. e8=Q# 1-0

[Event "DM 2013"]
[Site "Helsingor"]
[Date "2013.03.26"]
[Round "1"]
[White "Sorensen, Bernhard W"]
[Black "Schjolin, John"]
[Result "1-0"]
[WhiteElo "1527"]
[BlackElo "1014"]
[PlyCount "81"]
[EventDate "2013.??.??"]
[EventRounds "9"]
[EventCountry "DEN"]

1. e4 c5 2. Nf3 d6 3. d4 Nf6 4. Nc3 Bg4 5. Be2 e6 6. Bg5 Be7 7. O-O O-O 8. dxc5
dxc5 9. Qxd8 Rxd8 10. Rad1 Nc6 11. a3 Kf8 12. h3 Bh5 13. g4 Bg6 14. Nd2 e5 15.
f3 Nd4 16. Bd3 Rac8 17. Nc4 a6 18. Nxe5 Ne6 19. Be3 Bd6 20. Nc4 Nf4 21. Nxd6
Nxh3+ 22. Kg2 Rxd6 23. Kxh3 Ne8 24. Be2 Kg8 25. Rxd6 Nxd6 26. Rd1 Ne8 27. Rd5
h6 28. Rxc5 Rxc5 29. Bxc5 f6 30. Bc4+ Bf7 31. Bxf7+ Kxf7 32. Nd5 g5 33. c4 Ng7
34. Nc7 Ne6 35. Nxe6 Kxe6 36. Bd4 Kf7 37. b4 Ke7 38. b5 axb5 39. cxb5 Kf7 40.
a4 Ke6 41. a5 1-0

[Event "DM 2013"]
[Site "Helsingor"]
[Date "2013.03.26"]
[Round "1"]
[White "Raad, Mads Bonde"]
[Black "Haugaard, Thomas"]
[Result "0-1"]
[WhiteElo "1688"]
[BlackElo "1627"]
[PlyCount "80"]
[EventDate "2013.??.??"]
[EventRounds "9"]
[EventCountry "DEN"]

1. e4 c5 2. Nf3 d6 3. c3 Nc6 4. d4 cxd4 5. cxd4 g6 6. d5 Ne5 7. Nxe5 dxe5 8.
Nc3 Nf6 9. Bc4 a6 10. O-O Bg7 11. h3 b5 12. Bd3 O-O 13. Be3 Ne8 14. b4 Nd6 15.
a4 Bd7 16. Qe2 Rc8 17. Rfc1 bxa4 18. Nxa4 Rxc1+ 19. Bxc1 Nb5 20. Nc5 Nd4 21.
Qb2 Bb5 22. Qa3 e6 23. dxe6 Nxe6 24. Nxe6 fxe6 25. Bc2 Qd6 26. Be3 Rc8 27. Rd1
Qc6 28. Bc5 Bf8 29. Bb3 Bxc5 30. Bxe6+ Qxe6 31. bxc5 Qc4 32. Rd5 Qf1+ 33. Kh2
Qxf2 34. Qb3 Qf4+ 35. Kh1 Qf1+ 36. Kh2 Qf4+ 37. Kh1 Kg7 38. Qc3 Qf6 39. Rxe5
Re8 40. Re7+ Rxe7 0-1

[Event "DM 2013"]
[Site "Helsingor"]
[Date "2013.03.26"]
[Round "1"]
[White "Nielsen, Bjorn"]
[Black "Jensen, Hans Askov"]
[Result "1-0"]
[WhiteElo "1474"]
[BlackElo "1569"]
[PlyCount "133"]
[EventDate "2013.??.??"]
[EventRounds "9"]
[EventCountry "DEN"]

1. e4 e5 2. Nc3 Nf6 3. Nf3 Nc6 4. Be2 Bc5 5. O-O O-O 6. d3 h6 7. Na4 Be7 8. b3
b5 9. Nb2 a6 10. a4 Bb7 11. Qe1 d5 12. exd5 Nxd5 13. Nd1 Re8 14. Bb2 Nf4 15.
Ne3 Nxe2+ 16. Qxe2 Nd4 17. Nxd4 exd4 18. Nf5 Bg5 19. Qg4 Bc8 20. Qxd4 Qxd4 21.
Nxd4 Bf6 22. Rab1 Bb7 23. Nf5 Bxb2 24. Rxb2 Re5 25. Ng3 Rae8 26. Rbb1 bxa4 27.
b4 h5 28. f3 Bc6 29. Ne4 a5 30. b5 Bxb5 31. Nd2 Bd7 32. Nc4 Rc5 33. h3 Kf8 34.
Kf2 Be6 35. Na3 Rc3 36. Ra1 g5 37. Rfb1 Bd7 38. Rc1 g4 39. Nc4 gxf3 40. Kxf3
Ra8 41. Ke3 c5 42. Kd2 Rxc4 43. dxc4 Rb8 44. Rcb1 Rb4 45. Kc3 Bc6 46. g3 a3 47.
Rxb4 axb4+ 48. Kb3 Bd7 49. h4 Be6 50. c3 a2 51. cxb4 Bf5 52. Rxa2 cxb4 53. Kxb4
Be6 54. Ra5 Bg4 55. Re5 f5 56. Kc5 Kf7 57. Kd6 Kf6 58. c5 Bf3 59. Re3 Bg4 60.
Kc7 f4 61. gxf4 Kf5 62. Rc3 Kxf4 63. Kb6 Ke5 64. c6 Kd4 65. Rg3 Kd5 66. c7 Kd6
67. Rxg4 1-0

[Event "DM 2013"]
[Site "Helsingor"]
[Date "2013.03.26"]
[Round "1"]
[White "Jensen, Jonbert  M. S."]
[Black "Porsgaard, Per Lykke"]
[Result "1-0"]
[WhiteElo "1576"]
[BlackElo "1458"]
[PlyCount "57"]
[EventDate "2013.??.??"]
[EventRounds "9"]
[EventCountry "DEN"]

1. e4 c5 2. Nf3 g6 3. d4 cxd4 4. Nxd4 Bg7 5. Bc4 Nc6 6. c3 Nf6 7. Nxc6 bxc6 8.
Qe2 O-O 9. e5 Ne8 10. O-O d6 11. e6 d5 12. exf7+ Rxf7 13. Bb3 Nf6 14. Be3 Ng4
15. Nd2 Nxe3 16. fxe3 Bf5 17. e4 Be6 18. Nf3 Bg4 19. Rad1 Qb6+ 20. Kh1 e6 21.
h3 Bxf3 22. Rxf3 Raf8 23. exd5 exd5 24. Qe6 Qc7 25. Ba4 Qe5 26. Qxe5 Bxe5 27.
Rxf7 Rxf7 28. Bxc6 Rf2 29. Bxd5+ 1-0

[Event "DM 2013"]
[Site "Helsingor"]
[Date "2013.03.26"]
[Round "1"]
[White "Emborg, Jens"]
[Black "Brogaard, Lars"]
[Result "1-0"]
[WhiteElo "1629"]
[BlackElo "1670"]
[PlyCount "43"]
[EventDate "2013.??.??"]
[EventRounds "9"]
[EventCountry "DEN"]

1. e4 g6 2. Nc3 Bg7 3. Nf3 d6 4. d4 a6 5. Be2 b5 6. O-O Nd7 7. a4 b4 8. Na2 Bb7
9. Bd3 Ngf6 10. Re1 c5 11. c3 a5 12. cxb4 axb4 13. e5 dxe5 14. Nxe5 cxd4 15.
Bb5 O-O 16. Nxd7 Nxd7 17. Nxb4 e5 18. Bd2 Nb6 19. a5 Nd5 20. a6 Qb6 21. axb7
Rab8 22. Qa4 1-0

[Event "DM 2013"]
[Site "Helsingor"]
[Date "2013.03.27"]
[Round "2"]
[White "Porsgaard, Per Lykke"]
[Black "Jorgensen, Jens A. L."]
[Result "1-0"]
[WhiteElo "1458"]
[BlackElo "1087"]
[PlyCount "53"]
[EventDate "2013.??.??"]
[EventRounds "9"]
[EventCountry "DEN"]

1. d4 e6 2. c4 b6 3. e4 Bb7 4. f3 a6 5. Nc3 Bb4 6. Bd3 d5 7. cxd5 exd5 8. Nge2
c5 9. a3 Bxc3+ 10. bxc3 c4 11. Bc2 Nf6 12. e5 Nfd7 13. O-O O-O 14. f4 Re8 15.
Rf3 Nf8 16. f5 Bc8 17. f6 g6 18. Rg3 Be6 19. Nf4 Nbd7 20. Nh5 Qc7 21. Ng7 Nxe5
22. Nxe8 Rxe8 23. Bf4 Nfd7 24. dxe5 Nxf6 25. exf6 Qxf4 26. Qf3 Qh4 27. Rd1 1-0

[Event "DM 2013"]
[Site "Helsingor"]
[Date "2013.03.27"]
[Round "2"]
[White "Jensen, Jonbert  M. S."]
[Black "Thybo, Thomas"]
[Result "1/2-1/2"]
[WhiteElo "1319"]
[BlackElo "1467"]
[PlyCount "99"]
[EventDate "2013.??.??"]
[EventRounds "9"]
[EventCountry "DEN"]

1. e4 c6 2. Nf3 d5 3. exd5 Qxd5 4. Nc3 Qa5 5. d4 Bg4 6. Be2 Nd7 7. Ne5 Nxe5 8.
Bxg4 Nxg4 9. Qxg4 Nf6 10. Qf3 e5 11. dxe5 Qxe5+ 12. Qe3 Qxe3+ 13. Bxe3 Bb4 14.
O-O-O O-O 15. f3 a5 16. Bb6 Ra6 17. Na4 Nd5 18. Bc5 b5 19. Bxf8 Kxf8 20. c4 Ne3
21. cxb5 cxb5 22. Rd3 bxa4 23. Rxe3 Rc6+ 24. Kb1 Rb6 25. Rd1 g6 26. a3 Bc5 27.
Re4 Bxa3 28. Rxa4 Bxb2 29. Kc2 Bf6 30. Rb1 Rxb1 31. Kxb1 Bc3 32. Kc2 Bb4 33.
Kd3 Ke7 34. Ke4 Ke6 35. Ra2 f6 36. h3 Kd6 37. g4 Kc5 38. h4 Kc4 39. f4 Kb3 40.
Re2 a4 41. f5 a3 42. fxg6 hxg6 43. h5 Bc3 44. hxg6 Bb2 45. Re1 a2 46. Kf5 Kc2
47. g7 Bc1 48. Re2+ Bd2 49. g8=Q a1=Q 50. Rxd2+ 1/2-1/2

[Event "DM 2013"]
[Site "Helsingor"]
[Date "2013.03.27"]
[Round "2"]
[White "Jensen, Hans Askov"]
[Black "Raad, Mads Bonde"]
[Result "1/2-1/2"]
[WhiteElo "1569"]
[BlackElo "1688"]
[PlyCount "76"]
[EventDate "2013.??.??"]
[EventRounds "9"]
[EventCountry "DEN"]

1. e4 e6 2. d4 d5 3. Nc3 dxe4 4. Nxe4 Nd7 5. Nf3 Ngf6 6. Nxf6+ Nxf6 7. Bg5 c5
8. Bb5+ Bd7 9. Bxd7+ Qxd7 10. Bxf6 gxf6 11. O-O Qc7 12. d5 Rd8 13. c4 Bd6 14.
Re1 Rg8 15. dxe6 Bxh2+ 16. Nxh2 Rxd1 17. exf7+ Kxf7 18. Raxd1 h5 19. Rd5 Rg5
20. Red1 Qc6 21. Nf3 Rg4 22. b3 h4 23. Rf5 Kg6 24. Rfd5 Qc7 25. Rd6 Qe7 26. Rd7
Qe4 27. R1d3 b6 28. R7d6 Qf5 29. a4 Re4 30. Re3 Kg7 31. Red3 Re7 32. Nxh4 Re1+
33. Kh2 Qf4+ 34. Rg3+ Kh6 35. Nf3 Qxd6 36. Nxe1 Qd1 37. Re3 Kg6 38. Nf3 Qd6+
1/2-1/2

[Event "DM 2013"]
[Site "Helsingor"]
[Date "2013.03.27"]
[Round "2"]
[White "Haugaard, Thomas"]
[Black "Nielsen, Bjorn"]
[Result "1-0"]
[WhiteElo "1627"]
[BlackElo "1474"]
[PlyCount "63"]
[EventDate "2013.??.??"]
[EventRounds "9"]
[EventCountry "DEN"]

1. d4 d5 2. c4 c6 3. Nf3 dxc4 4. e3 b5 5. a4 Ba6 6. axb5 Bxb5 7. Ne5 Nd7 8.
Nxc4 a6 9. Nc3 g6 10. Be2 Bg7 11. O-O Ngf6 12. e4 O-O 13. Be3 Kh8 14. e5 Nd5
15. Nxd5 cxd5 16. Na3 Bxe2 17. Qxe2 e6 18. Rfc1 Re8 19. Rc6 Nb8 20. Rc2 Bf8 21.
Rac1 Bxa3 22. bxa3 Nd7 23. Bh6 f6 24. Rc7 Kg8 25. exf6 Rf8 26. Qxe6+ Rf7 27.
Qxd5 Rb8 28. h3 Qxf6 29. Rxd7 Qxf2+ 30. Kh1 Qf5 31. Rd8+ Rxd8 32. Qxd8+ 1-0

[Event "DM 2013"]
[Site "Helsingor"]
[Date "2013.03.27"]
[Round "2"]
[White "Emborg, Jens"]
[Black "Sorensen, Bernhard W"]
[Result "0-1"]
[WhiteElo "1229"]
[BlackElo "1411"]
[PlyCount "52"]
[EventDate "2013.??.??"]
[EventRounds "9"]
[EventCountry "DEN"]

1. e4 e6 2. Nf3 d5 3. exd5 exd5 4. d4 f5 5. Bd3 Nf6 6. O-O Be7 7. c4 O-O 8.
cxd5 Nxd5 9. Nc3 Kh8 10. Bc4 Nb6 11. Bb3 Nc6 12. Ne2 Bd6 13. Bd2 Bd7 14. Bc3
Qe8 15. Qd2 f4 16. Rae1 Qh5 17. Nc1 Bg4 18. Bd1 Rad8 19. Nd3 Nd5 20. Nfe5 Nxe5
21. dxe5 Be7 22. Re4 f3 23. Rfe1 Bg5 24. Qc2 Nf4 25. Nxf4 Bxf4 26. g3 Qh3 0-1

[Event "DM 2013"]
[Site "Helsingor"]
[Date "2013.03.27"]
[Round "2"]
[White "Brogaard, Lars"]
[Black "Schjolin, John"]
[Result "1-0"]
[WhiteElo "1670"]
[BlackElo "1014"]
[PlyCount "61"]
[EventDate "2013.??.??"]
[EventRounds "9"]
[EventCountry "DEN"]

1. f4 d5 2. Nf3 c5 3. g3 Nf6 4. Bg2 Nc6 5. c3 e6 6. O-O Bd6 7. Na3 a6 8. Nc2
O-O 9. d3 Bd7 10. a4 Qc8 11. e4 dxe4 12. dxe4 Nxe4 13. Nh4 f5 14. Bxe4 Be7 15.
Bg2 Qc7 16. Ne1 Na5 17. Nef3 c4 18. Be3 Rad8 19. Qe2 Nb3 20. Rad1 Bxa4 21. Kh1
Na5 22. Rxd8 Rxd8 23. Bd4 Bd7 24. Qe3 Rc8 25. Ne5 Bc6 26. Nxc6 Nxc6 27. Qxe6+
Kf8 28. Qxf5+ Ke8 29. Re1 g6 30. Qe6 b5 31. Bxc6+ 1-0

[Event "DM 2013"]
[Site "Helsingor"]
[Date "2013.03.29"]
[Round "3"]
[White "Vej, Jesper"]
[Black "Roerholt, Leif"]
[Result "1-0"]
[WhiteElo "2103"]
[BlackElo "1844"]
[PlyCount "55"]
[EventDate "2013.??.??"]
[EventRounds "9"]
[EventCountry "DEN"]

1. e4 c5 2. c3 g6 3. d4 cxd4 4. cxd4 Bg7 5. Nc3 d6 6. Nf3 Nc6 7. d5 Ne5 8. Nxe5
dxe5 9. Qb3 Nf6 10. Be2 a6 11. Be3 O-O 12. O-O Qd6 13. a4 Bd7 14. a5 e6 15. Bc4
Rfe8 16. Rfd1 exd5 17. Nxd5 Nxd5 18. Rxd5 Qc6 19. Rc5 Qf6 20. Qxb7 Be6 21. Bxe6
fxe6 22. Rc7 Rab8 23. Qxa6 Rxb2 24. Qc6 Qd8 25. a6 Qb8 26. Rb7 Rxb7 27. axb7
Qd8 28. Qxe8+ 1-0

[Event "DM 2013"]
[Site "Helsingor"]
[Date "2013.03.29"]
[Round "1"]
[White "Vej, Jesper"]
[Black "Pedersen, Niels"]
[Result "1-0"]
[WhiteElo "2103"]
[BlackElo "2021"]
[PlyCount "105"]
[EventDate "2013.??.??"]
[EventRounds "9"]
[EventCountry "DEN"]

1. e4 c5 2. c3 d6 3. d4 cxd4 4. cxd4 Nc6 5. Nf3 e6 6. Nc3 Nf6 7. Bd3 Be7 8. O-O
O-O 9. Qe2 Bd7 10. Rd1 Qa5 11. e5 Ne8 12. exd6 Nxd6 13. Bf4 Rfe8 14. a3 Rac8
15. b4 Qh5 16. Rac1 a6 17. Ne5 Qxe2 18. Bxe2 Nb8 19. Bf3 Bc6 20. d5 exd5 21.
Nxd5 Bxd5 22. Bxd5 g5 23. Bg3 Kg7 24. Nd3 b6 25. Be5+ Kf8 26. Nb2 Nd7 27. Bxd6
Bxd6 28. Nc4 Bf4 29. Rc2 b5 30. g3 Bb8 31. Ne3 Rxc2 32. Nxc2 Nb6 33. Bb7 Be5
34. Bxa6 Na4 35. Bxb5 Ra8 36. Bxa4 Rxa4 37. Rb1 Ke7 38. Kf1 Kd6 39. Ke2 Kd5 40.
Kd3 Ra8 41. Ne3+ Ke6 42. Nc4 Rd8+ 43. Kc2 Rc8 44. Kb3 Bd4 45. Re1+ Kf6 46. a4
h5 47. b5 g4 48. b6 Kg5 49. Re2 f5 50. a5 f4 51. Rd2 fxg3 52. hxg3 Bc5 53. a6
1-0

[Event "DM 2013"]
[Site "Helsingor"]
[Date "2013.03.29"]
[Round "5"]
[White "Vej, Jesper"]
[Black "Nilsson, Patrik"]
[Result "1/2-1/2"]
[WhiteElo "2103"]
[BlackElo "2060"]
[PlyCount "37"]
[EventDate "2013.??.??"]
[EventRounds "9"]
[EventCountry "DEN"]

1. f4 g6 2. Nf3 Bg7 3. e3 Nf6 4. c4 d5 5. cxd5 Nxd5 6. Nc3 O-O 7. Nxd5 Qxd5 8.
Be2 c5 9. O-O Nc6 10. Qb3 Qxb3 11. axb3 Nb4 12. d4 cxd4 13. Nxd4 Bxd4 14. exd4
Be6 15. Bf3 Bd5 16. Bd2 Bxf3 17. Bxb4 Bd5 18. Bxe7 Rfe8 19. Bb4 1/2-1/2

[Event "DM 2013"]
[Site "Helsingor"]
[Date "2013.03.29"]
[Round "3"]
[White "Thybo, Thomas"]
[Black "Porsgaard, Per Lykke"]
[Result "1-0"]
[WhiteElo "1492"]
[BlackElo "1458"]
[PlyCount "48"]
[EventDate "2013.??.??"]
[EventRounds "9"]
[EventCountry "DEN"]

1. e4 c5 2. Nf3 Nc6 3. d4 cxd4 4. Nxd4 e5 5. Nb3 Nf6 6. Nc3 Be7 7. Bc4 O-O 8.
f4 d6 9. Be3 Bg4 10. Qd2 Be6 11. Bxe6 fxe6 12. O-O-O Ng4 13. Rdf1 Nxe3 14. Qxe3
exf4 15. Rxf4 Rxf4 16. Kb1 Bg5 17. Qg3 Qf6 18. Nd2 Bh4 19. Qd3 Qd4 20. g3 Qxd3
21. cxd3 Rf2 22. Nc4 Bf6 23. Nxd6 Bxc3 24. bxc3 Rd8 1-0

[Event "DM 2013"]
[Site "Helsingor"]
[Date "2013.03.29"]
[Round "4"]
[White "Thomsen, Soren"]
[Black "Knudsen, Jes West"]
[Result "0-1"]
[WhiteElo "1940"]
[BlackElo "1924"]
[PlyCount "44"]
[EventDate "2013.??.??"]
[EventRounds "9"]
[EventCountry "DEN"]

1. d4 f5 2. e4 fxe4 3. f3 d5 4. fxe4 dxe4 5. Be3 Nf6 6. Be2 Nc6 7. Nc3 Bf5 8.
Qd2 e6 9. h3 Bb4 10. a3 Bxc3 11. bxc3 Nd5 12. O-O-O Qd6 13. Kb2 Qg3 14. Nf3
exf3 15. gxf3 Nxe3 16. Qxe3 Qd6 17. Qg5 Qe7 18. Qe3 O-O-O 19. Bb5 Qd6 20. f4
Qd5 21. Bxc6 Qxc6 22. Rhe1 Rd5 0-1

[Event "DM 2013"]
[Site "Helsingor"]
[Date "2013.03.29"]
[Round "3"]
[White "Thomsen, Soren"]
[Black "Bjorneboe, Kristian"]
[Result "1/2-1/2"]
[WhiteElo "1940"]
[BlackElo "1971"]
[PlyCount "93"]
[EventDate "2013.??.??"]
[EventRounds "9"]
[EventCountry "DEN"]

1. d4 Nf6 2. c4 e5 3. dxe5 Ng4 4. Bf4 g5 5. Bg3 Nc6 6. Nf3 Bg7 7. Nc3 Ngxe5 8.
Nxe5 Nxe5 9. e3 d6 10. Rc1 Be6 11. b3 O-O 12. Be2 f5 13. f4 Ng4 14. Bxg4 fxg4
15. O-O h5 16. f5 Bd7 17. Be1 c6 18. Qd3 Qe7 19. Bd2 Rae8 20. Rce1 Qe5 21. e4
h4 22. Nd1 d5 23. cxd5 cxd5 24. Qxd5+ Qxd5 25. exd5 Rxe1 26. Rxe1 Rxf5 27. Ne3
Bd4 28. Kh1 Bxe3 29. Bxe3 Rxd5 30. Kg1 Bc6 31. g3 h3 32. Kf2 a6 33. Re2 Rf5+
34. Ke1 Bg2 35. Rf2 Bf3 36. Rd2 Bg2 37. Rf2 Re5 38. Kd2 Bf3 39. Bd4 Rd5 40. Ke3
Rd7 41. Rd2 Re7+ 42. Kf2 Kf7 43. Be3 Re5 44. Rc2 Bc6 45. Rc5 Rxc5 46. Bxc5 Kf6
47. Ke3 1/2-1/2

[Event "DM 2013"]
[Site "Helsingor"]
[Date "2013.03.29"]
[Round "4"]
[White "Sorensen, Per S"]
[Black "Pedersen, Niels"]
[Result "1/2-1/2"]
[WhiteElo "2042"]
[BlackElo "2021"]
[PlyCount "158"]
[EventDate "2013.??.??"]
[EventRounds "9"]
[EventCountry "DEN"]

1. e4 c5 2. Nf3 Nc6 3. d4 cxd4 4. Nxd4 d6 5. Nc3 Bd7 6. g3 Nf6 7. Bg2 Rc8 8.
O-O a6 9. h3 Qb6 10. Nxc6 Bxc6 11. Nd5 Bxd5 12. exd5 g6 13. b3 Bg7 14. Bb2 O-O
15. Re1 Rfe8 16. c4 Nh5 17. Bxg7 Nxg7 18. Qd2 Nf5 19. Rad1 Nxg3 20. Qg5 Nf5 21.
Be4 Ng7 22. Bf3 Qd8 23. Qf4 h5 24. Re2 Qd7 25. Kh2 Qf5 26. Qg3 h4 27. Qg4 Qxg4
28. hxg4 g5 29. Rd4 f6 30. Rb2 Rc7 31. b4 b5 32. cxb5 axb5 33. Be2 Rb8 34. f4
Ne8 35. Bd3 Rc3 36. Rc2 Rxc2+ 37. Bxc2 Ra8 38. Bb3 Rc8 39. Rd3 Rc1 40. a4 Nc7
41. axb5 Nxb5 42. fxg5 fxg5 43. Ba4 Nc3 44. Bc6 Rc2+ 45. Kh1 Ne4 46. Rb3 Ng3+
47. Kg1 Ne2+ 48. Kh1 Nd4 49. Re3 Kf7 50. Bd7 Rb2 51. b5 Kf6 52. Be8 e5 53. dxe6
Nxe6 54. Bc6 Nd4 55. Rd3 Nxb5 56. Rd5 Nc3 57. Rf5+ Ke6 58. Rxg5 d5 59. Rh5 Kd6
60. Rh6+ Ke5 61. Rxh4 Kf4 62. Rh3 d4 63. Rd3 Ne2 64. Bf3 Ng3+ 65. Kg1 Rb4 66.
Kf2 Ne4+ 67. Bxe4 Kxe4 68. Ra3 Rb2+ 69. Ke1 Rg2 70. Kd1 Rxg4 71. Rb3 Rg2 72.
Ra3 Rg1+ 73. Kd2 Rg2+ 74. Kd1 Rf2 75. Rb3 Rf3 76. Rb8 Ra3 77. Rh8 Ra2 78. Rh3
d3 79. Rh8 d2 1/2-1/2

[Event "DM 2013"]
[Site "Helsingor"]
[Date "2013.03.29"]
[Round "2"]
[White "Sorensen, Per S"]
[Black "Olsen, Lars Moller"]
[Result "0-1"]
[WhiteElo "2042"]
[BlackElo "1917"]
[PlyCount "134"]
[EventDate "2013.??.??"]
[EventRounds "9"]
[EventCountry "DEN"]

1. e4 Nf6 2. e5 Nd5 3. d4 d6 4. c4 Nb6 5. exd6 exd6 6. Nc3 Nc6 7. Be3 Be7 8.
Nf3 Bg4 9. Be2 O-O 10. O-O Bxf3 11. gxf3 Bf6 12. b3 d5 13. c5 Nc8 14. f4 g6 15.
Rc1 N6e7 16. Bf3 c6 17. b4 Nf5 18. Qd3 a6 19. Ne2 Bg7 20. Ng3 Nce7 21. Rc2 Nxg3
22. fxg3 Nf5 23. Bf2 Qf6 24. Rd1 Rfe8 25. Re2 Rxe2 26. Qxe2 Kf8 27. Rd3 Re8 28.
Qd2 h5 29. a4 Qd8 30. Qc3 Qc7 31. Kg2 Bf6 32. b5 axb5 33. axb5 Ra8 34. Qb3 Qb8
35. Qb2 Qa7 36. bxc6 bxc6 37. Rb3 Kg7 38. Rb6 Qa4 39. Rb4 Qa2 40. Qxa2 Rxa2 41.
Kg1 Rd2 42. Rb6 Bxd4 43. Bxd4+ Nxd4 44. Bg2 Rc2 45. Rb4 Nf5 46. Bh3 Rxc5 47. g4
Rc1+ 48. Kf2 hxg4 49. Bxg4 Kf6 50. Rb6 Ke6 51. h4 Kd6 52. Bxf5 gxf5 53. Rb7 Rh1
54. Rxf7 Rxh4 55. Rf6+ Kc5 56. Rxf5 Kd4 57. Kg3 Rh1 58. Kf2 c5 59. Ke2 c4 60.
Kd2 Rh2+ 61. Kd1 c3 62. Rg5 Kc4 63. Rg8 d4 64. f5 d3 65. Rc8+ Kb4 66. Rb8+ Ka5
67. Ke1 d2+ 0-1

[Event "DM 2013"]
[Site "Helsingor"]
[Date "2013.03.29"]
[Round "5"]
[White "Sorensen, Per S"]
[Black "Bjorneboe, Kristian"]
[Result "0-1"]
[WhiteElo "2042"]
[BlackElo "1971"]
[PlyCount "98"]
[EventDate "2013.??.??"]
[EventRounds "9"]
[EventCountry "DEN"]

1. e4 c6 2. d4 d5 3. exd5 cxd5 4. c4 Nf6 5. Nc3 e6 6. Nf3 Nc6 7. cxd5 Nxd5 8.
Bd3 Be7 9. O-O a6 10. Re1 b5 11. a3 Bb7 12. Be4 Nxc3 13. bxc3 Na5 14. Bxb7 Nxb7
15. a4 O-O 16. Ne5 Qd5 17. Re3 Nd6 18. Ba3 Nf5 19. Bxe7 Nxe7 20. Qd3 Nc6 21.
Rh3 h6 22. Ng4 Rfd8 23. Qg3 Kf8 24. axb5 axb5 25. Re1 b4 26. cxb4 Qxd4 27. b5
Ra1 28. Qe3 Rxe1+ 29. Qxe1 Qxg4 30. bxc6 Rd1 31. Re3 Rxe1+ 32. Rxe1 Qc4 33. g3
Qxc6 34. h4 f6 35. Re3 Kf7 36. Kh2 e5 37. Kg1 Ke6 38. Kh2 f5 39. Re1 Qf3 40.
Kg1 g5 41. hxg5 hxg5 42. Re3 Qd1+ 43. Kg2 f4 44. gxf4 gxf4 45. Rh3 Kf5 46. f3
Qe2+ 47. Kg1 e4 48. fxe4+ Kxe4 49. Rh2 Qxh2+ 0-1

[Event "DM 2013"]
[Site "Helsingor"]
[Date "2013.03.29"]
[Round "3"]
[White "Sorensen, Bernhard W"]
[Black "Haugaard, Thomas"]
[Result "1-0"]
[WhiteElo "1527"]
[BlackElo "1627"]
[PlyCount "93"]
[EventDate "2013.??.??"]
[EventRounds "9"]
[EventCountry "DEN"]

1. e4 c5 2. Nf3 d6 3. d4 cxd4 4. Nxd4 Nf6 5. Nc3 a6 6. Be3 e5 7. Nb3 Be6 8. f3
Nbd7 9. Qd2 Rc8 10. O-O-O Be7 11. g4 b5 12. Nd5 Bxd5 13. exd5 Nb6 14. Bxb6 Qxb6
15. h4 Qd8 16. h5 Nxg4 17. Kb1 Bg5 18. Qe1 Ne3 19. Rd2 Nxf1 20. Re2 Ne3 21.
Rxe3 Bxe3 22. Qxe3 h6 23. f4 Qf6 24. Re1 O-O 25. fxe5 Qxe5 26. Qxe5 dxe5 27.
Rxe5 Rfd8 28. c3 Rc7 29. Na5 Rcd7 30. Nc6 f6 31. Re6 Rxd5 32. Nxd8 Rxd8 33.
Rxa6 f5 34. Ra5 Rd5 35. c4 Re5 36. Rxb5 Re1+ 37. Kc2 f4 38. Rf5 Re2+ 39. Kc3
Rh2 40. c5 Rh3+ 41. Kd4 f3 42. c6 Rh4+ 43. Kd5 f2 44. Rxf2 Rxh5+ 45. Kd6 Rh1
46. c7 Rd1+ 47. Kc6 1-0

[Event "DM 2013"]
[Site "Helsingor"]
[Date "2013.03.29"]
[Round "4"]
[White "Schultz-Pedersen, Jesper"]
[Black "Vej, Jesper"]
[Result "1-0"]
[WhiteElo "2188"]
[BlackElo "2103"]
[PlyCount "43"]
[EventDate "2013.??.??"]
[EventRounds "9"]
[EventCountry "DEN"]

1. e4 b6 2. d4 Bb7 3. Bd3 d6 4. Nf3 Nd7 5. O-O Ngf6 6. e5 Bxf3 7. Qxf3 dxe5 8.
dxe5 Nxe5 9. Bb5+ Nfd7 10. Bxd7+ Nxd7 11. Rd1 e6 12. Bf4 Bd6 13. Bxd6 cxd6 14.
Rxd6 Rc8 15. Nc3 Qe7 16. Qb7 Rb8 17. Qc7 Rd8 18. Rad1 h5 19. Nb5 Rh6 20. Nxa7
e5 21. Rxh6 gxh6 22. Nc6 1-0